000 00917cgm a2200241 4500
001 B3261
008 090401t1989 xxu||||| |||| 00| 0 eng d
035 _a(Sirsi) u54987
041 _aeng
050 _a346.4104344
100 _aGillett, Alan
245 _aRent review settlements (sound recording)
260 _aLondon
_bRoyal Institution of Chartered Surveyors
_c1989
300 _a1 sound cassette (60 min.)
350 _a10
490 _aOwlion Audio Programme
520 _aPublished jointly with the College of Estate Management . Explains developments in the law and practice of settlements in rent review disputes. Also includes trends in case law which affect the method of valuation used by surveyors in deciding the extent of increase in commercial rents.
650 _aAUDIO CASSETTES
650 _aRENT REVIEWS
700 _aDenyer-Green, Barry P. D.
942 _n0
948 _c04/03/1997
999 _c85307
_d85307